LEADER 01406nam2 2200349 i 450 001 SUN0018785 005 20150521010148.758 010 $a88-339-0770-8 100 $a20040702d1993 |0itac50 ba 101 $aita 102 $aIT 105 $a|||| ||||| 200 1 $aˆ18: La ‰vita simbolica$e1939-61$fCarl Gustav Jung 210 $aTorino$cBollati Boringhieri$d1993 215 $a121 p.$d18 cm. 461 1$1001SUN0018780$12001 $aOpere$fCarl Gustav Jung$v18$1210 $aTorino$cBollati Boringhieri$1215 $avolumi$d22 cm. 606 $aInconscio$2FI$3SUNC008777 606 $aSimboli$xPsicanalisi$2FI$3SUNC009238 620 $dTorino$3SUNL000001 676 $a154.2$v21 700 1$aJung$b, Carl G.$3SUNV014849$0730920 712 $aBollati Boringhieri$3SUNV000104$4650 790 1$aJung, Karl Gustav$zJung, Carl G.$3SUNV014850 790 1$aJung, Carl Gustav$zJung, Carl G.$3SUNV062470 790 1$aJung, C.G.$zJung, Carl G.$3SUNV062471 790 1$aJung, C. G.$zJung, Carl G.$3SUNV062472 801 $aIT$bSOL$c20181109$gRICA 912 $aSUN0018785 950 $aUFFICIO DI BIBLIOTECA DEL DIPARTIMENTO DI PSICOLOGIA$d16 CONS 656 $e16 VS 2329 995 $aUFFICIO DI BIBLIOTECA DEL DIPARTIMENTO DI PSICOLOGIA$bIT-CE0119$gVS$h2329$kCONS 656$oc$qa 996 $aVita simbolica$91401603 997 $aUNICAMPANIA LEADER 02789nam 2200697Ia 450 001 9910457363703321 005 20200520144314.0 010 $a1-283-43199-8 010 $a9786613431998 010 $a0-252-09347-X 035 $a(CKB)2550000000089231 035 $a(SSID)ssj0000600714 035 $a(PQKBManifestationID)11351123 035 $a(PQKBTitleCode)TC0000600714 035 $a(PQKBWorkID)10601631 035 $a(PQKB)10295407 035 $a(MiAaPQ)EBC3413884 035 $a(StDuBDS)EDZ0001639884 035 $a(OCoLC)961507503$z(OCoLC)775420391$z(OCoLC)778314384$z(OCoLC)785781202$z(OCoLC)817056516$z(OCoLC)824106663$z(OCoLC)923493408$z(OCoLC)1125785458$z(OCoLC)1136227146 035 $a(OCoLC)ocn961507503 035 $a(MdBmJHUP)muse23661 035 $a(Au-PeEL)EBL3413884 035 $a(CaPaEBR)ebr10532356 035 $a(CaONFJC)MIL343199 035 $a(OCoLC)923493408 035 $a(EXLCZ)992550000000089231 100 $a20110703d2011 uy 0 101 0 $aeng 135 $aurcn||||||||| 181 $ctxt 182 $cc 183 $acr 200 10$aCompan?eros$b[electronic resource] $eLatino activists in the face of AIDS /$fJesus Ramirez-Valles 210 $aUrbana $cUniversity of Illinois Press$dc2011 215 $ax, 179 p 300 $aBibliographic Level Mode of Issuance: Monograph 311 $a0-252-07821-7 311 $a0-252-03644-1 320 $aIncludes bibliographical references and index. 327 $aSocial-class origins and trajectories -- Gender deviants -- The meanings of Latino -- The formation of gay and trans identities -- Life with HIV and AIDS -- Getting involved -- Finding compan?eros -- Conclusion : the road of compan?eros. 330 8 $aTelling the affecting stories of 80 gay, bisexual, and transgender (GBT) Latino activists and volunteers living in Chicago and San Francisco, this work closely details how these individuals have been touched or transformed by the AIDS epidemic. 606 $aGay activists$zUnited States 606 $aHispanic American gays$xPolitical activity$zUnited States 606 $aHispanic American sexual minorities$xPolitical activity$zUnited States 606 $aGays$xIdentity 606 $aAIDS activists$zUnited States 608 $aElectronic books. 615 0$aGay activists 615 0$aHispanic American gays$xPolitical activity 615 0$aHispanic American sexual minorities$xPolitical activity 615 0$aGays$xIdentity. 615 0$aAIDS activists 676 $a362.196/9792008968073 700 $aRamirez-Valles$b Jesus$0943212 801 0$bMiAaPQ 801 1$bMiAaPQ 801 2$bMiAaPQ 906 $aBOOK 912 $a9910457363703321 996 $aCompan?eros$92128761 997 $aUNINA LEADER 05478oam 2201009 c 450 001 9910372803003321 005 20260302090207.0 010 $a9783839405048 010 $a3839405041 024 7 $a10.14361/9783839405048 035 $a(CKB)3710000000482676 035 $a(OAPEN)1007603 035 $a(DE-B1597)461404 035 $a(OCoLC)651969440 035 $a(OCoLC)958039305 035 $a(DE-B1597)9783839405048 035 $a(MiAaPQ)EBC5494210 035 $a(Au-PeEL)EBL5494210 035 $a(OCoLC)1049912109 035 $a(transcript Verlag)9783839405048 035 $a(MiAaPQ)EBC6955689 035 $a(Au-PeEL)EBL6955689 035 $a(oapen)https://directory.doabooks.org/handle/20.500.12854/36730 035 $a(ScCtBLL)db258da1-4e07-4daa-94c0-b577558bca46 035 $a(oapen)doab36730 035 $a(EXLCZ)993710000000482676 100 $a20260302h20152007 uy 0 101 0 $ager 135 $auuuuu---auuuu 181 $ctxt$2rdacontent 182 $cc$2rdamedia 183 $acr$2rdacarrier 200 00$aImages von Gewicht$eSoziale Bewegungen, Queer Theory und Kunst in den USA$fLutz Hieber, Paula-Irene Villa 205 $a1st ed. 210 $aBielefeld$ctranscript Verlag$d2015 210 $d2015, c2007 215 $a1 online resource (262) 225 0 $aGender Studies 311 08$a9783899425048 311 08$a3899425049 327 $aFrontmatter 1 Inhalt 5 Einleitung 7 Kapitel 1. Postmodernismus als Politisierung der Kunst - Kulturelle Implikationen der Protestbewegung in den USA 17 Kapitel 2 Postmoderne Geschlechter - Feminismus in der Postmoderne 47 Kapitel 3. Von »sex perverts« zu » Liberation NOW«! Positionen zu Geschlecht und Sexualita?t innerhalb der neuen sozialen Bewegungen (50er bis 70er) 81 Kapitel 4. Psychedelische Welten, Feminisierung und Keimzellen queerer Kultur 123 Kapitel 5. Kritik der Identita?t, Kritik der Normalisierung - Positionen von Queer Theory 165 Kapitel 6. Politisierung der Queer Culture durch ACT U P 191 Werkverzeichnisse der Ku?nstlerkollektive Gran Fury, Fierce Pussy, DAM (Dyke Action Machine) und ACT UP Outreach Committee 235 Backmatter 261 330 $aDer Begriff der Postmoderne ist äußerst vielschichtig. Er bezieht sich auf eine sozialwissenschaftlich-politische Zeitdiagnose, versucht neuartige kulturelle Entwicklungen zu fassen und bezeichnet zudem ein heterogenes Diskurs-Feld. In diesem Band ist vor allem die US-amerikanische Counter Culture und der damit verknüpfte künstlerische Aktivismus von Interesse, der sich um queer identity politics und die damit verbundenen politischen Ziele ? u.a. Reflexivierung und Politisierung von Sexualität ? entfaltet hat. Das Buch stellt den kulturellen und intellektuellen Kontext vor, in dem sich seit einer Dekade in den USA die Queer Theory entwickelt hat. Die Queer Theory, als deren profilierteste Vertreterin Judith Butler gilt, stellt Sexualität und sexuelle Identitäten als eine Hauptachse sozial produzierter Differenzen ins Zentrum theoretischer und politischer Überlegungen. Der Band rückt eine zeit-historische Konstellation von Kunst, Wissenschaft und Politik in den Vordergrund, die ihre Beschreibung im Begriff der Postmoderne findet. 330 1 $a»Die AutorInnen verbinden Theorie mit Realität, Gesellschaftswissenschaft mit Kunst- und Kulturbeispielen, um wichtige Strömungen in den USA vor allem in lesbischen und schwulen Belangen zu erhellen. Der Text erlaubt interessierten LeserInnen die Lektüre auch ohne spezielle Vorkenntnisse.« 330 1 $a»[Es handelt] sich hier um ein gut geschriebenes und fundiert recherchiertes Buch.« 330 1 $a»Ein spannendes Buch, nicht nur in Bezug auf die Queer Theory, mit zahlreichen Abbildungen.« 330 1 $aBesprochen in:www.pride.at 330 1 $a»Die vorliegende Publikation führt [...] die zentrale Rolle der Kunst und ihrer Werke sowie die gesellschaftliche Wirkmacht von Bildern und Metaphern vor Augen und zeigt deutlich: Images matter!« 410 0$aGender Studies 517 2 $aHieber/Villa (Hg.), Images von Gewicht$eSoziale Bewegungen, Queer Theory und Kunst in den USA 606 $aQueer Theory 606 $aPostmoderne 606 $aJudith Butler 606 $aGender 606 $aAmerica 606 $aSexuelle Identität 606 $aCivil Society 606 $aGender Studies 606 $aAmerika 606 $aSociology of Culture 606 $aZivilgesellschaft 606 $aCultural Studies 606 $aKultursoziologie 606 $aKulturwissenschaft 615 4$aQueer Theory 615 4$aPostmoderne 615 4$aJudith Butler 615 4$aGender 615 4$aAmerica 615 4$aSexuelle Identität 615 4$aCivil Society 615 4$aGender Studies 615 4$aAmerika 615 4$aSociology of Culture 615 4$aZivilgesellschaft 615 4$aCultural Studies 615 4$aKultursoziologie 615 4$aKulturwissenschaft 676 $a306.4 686 $aMR 5800$2rvk 702 $aHieber$b Lutz$p

Lutz Hieber, Leibniz Universität Hannover, Deutschland

$4edt 702 $aVilla$b Paula-Irene$p

Paula-Irene Villa, Ludwig-Maximilians-Universität München, Deutschland

$4edt 801 0$bDE-B1597 801 1$bDE-B1597 906 $aBOOK 912 $a9910372803003321 996 $aImages von Gewicht$94414541 997 $aUNINA